000 00635nam a2200205Ia 4500
003 GCL
008 140319s9999 xx 000 0 ara d
040 _aGCL /
_cGCL
082 0 4 _a918
_bى أ
100 1 _aيوسف عبدالمجيد فايد
245 1 0 _aامريكا الوسطى /
_cيوسف عبدالمجيد فايد
260 _a[S.N] :
_bدار النهضة العربية للطباعة والنشر
300 _a207 ص
490 _a
650 0 4 _aالجغرافيا الطبيعية
650 0 4 _aالمناخ
650 0 4 _aالظواهر الجوية
650 0 4 _aامريكا الوسطى
942 _2ddc
_cBK
999 _c37175
_d37175